000 00591nam a2200193Ia 4500
001 18943
003 GE_BSU
008 181216s||||||||xx |||||||||||||| ||und||
040 _cGE_BSU
245 _aУспехи современной биологии, Том 136.№3.Май-Июнь.2016.
245 _cГл.ред.И.А.Захаров-Гезечус и др.
260 _aМосква
260 _bнаука
260 _c2016
300 _a320стр,28см
653 _aУспехи современной биологии
653 _aპერიოდიკა
942 _cCR
999 _c51942
_d51942